000 00443nam a22001697a 4500
005 20250212113732.0
008 250212b |||||||| |||| 00| 0 eng d
020 _a9788178085807
050 _aHG4011
_bVAN
100 _aHorne, James C.
245 _aFinancial management policy
250 _a12th
260 _aNew Delhi
_bPearson Education, Inc.
_cc2002
300 _axviii, 814p;
_bill.;
500 _aincludes index
942 _2lcc
_cBK
_n0
999 _c3826
_d3826